| 000 | 01123nam a2200241Ia 4500 | ||
|---|---|---|---|
| 999 |
_c49544 _d49544 |
||
| 001 | 16474 | ||
| 003 | GE_BSU | ||
| 005 | 20200129123523.0 | ||
| 008 | 181216s2015||||ge |||||||||||||| ||geo|| | ||
| 020 | _a9789941225802 | ||
| 041 | _ageo | ||
| 080 | _a005.95/96(075.8) გ-43 | ||
| 100 |
_aგეჩბაია, ბადრი. _91999 |
||
| 245 |
_aადამიანური რესურსების მენეჯმენტი : _bსახელმძღვანელო / _cბადრი გეჩბაია ; ანზორ დევაძე ; რედ. პაატა აროშიძე . |
||
| 264 |
_aთბილისი : _bუნივერსალი, _c2015. |
||
| 300 |
_a275 გვ ; _c22 სმ. |
||
| 504 | _aბიბლიოგრ.:გვ.274-275 | ||
| 653 | _aადამიანური რესურსების მენეჯმენტი | ||
| 653 | _aმენეჯმენტი | ||
| 700 |
_aდევაძე, ანზორ _94964 |
||
| 700 |
_aაროშიძე, პაატა _eრედაქტორი _94137 |
||
| 942 |
_cBK _2udc |
||